| 000 | 00731cam a2200193 i 4500 | ||
|---|---|---|---|
| 005 | 20251217105208.0 | ||
| 008 | 250721s1988 ua gr 000 0 ara d | ||
| 082 | 1 | 4 |
_a216,933 _bس ل ي |
| 100 | 1 |
_aسليمان، محمود كرم _eمؤلف. |
|
| 245 | 1 | 2 |
_aالتخطيط الإعلامي في ضوء الإسلام / _cمحمود كرم سليمان. |
| 264 | 3 | 1 |
_aالقاهرة : _bدار الوفاء للنشر والتوزيع، _c1988. |
| 300 | _a214 صفحة. | ||
| 490 | 0 |
_aنحو إعلامي إسلامي متميز ؛ _v2 |
|
| 650 | 1 | 7 | _aالإعلام الإسلامي. |
| 650 | 1 | 7 | _aالإعلام. |
| 830 | 0 | _aنحو إعلامي إسلامي متميز ؛ | |
| 942 |
_2ddc _cBK |
||
| 999 |
_c3325 _d3325 |
||